Responses for Show #1290 - Friday, March 23, 1990

Andrew Bernknopf game 1.
Final Jeopardy! Round incomplete.

Contestants

[<< previous game]

Andrew Bernknopf, a lawyer originally from Pittsburgh, Pennsylvania

Don McQuarrie, a teacher from Ilwaco, Washington

John Cunningham, a hot dog vendor from San Antonio, Texas (whose 1-day cash winnings total $8,000)

[next game >>]

Jeopardy! Round responses

"S"CIENCE
THE ROARING '20s
CLICHES
THE BIBLE
GOVERNMENT
CHILDREN'S LITERATURE
    $100 6
sap

John
    $100 16
Babe Ruth

John
    $100 11
"Johnny-come-lately"

Andrew
    $100 22
(Andrew: What is the apple eaten by Adam and Eve?)

the forbidden fruit

Andrew
    $100 1
George Bush

John
    $100 21
Lassie

Andrew
    $200 7
(Don: What is staph?)

Streptococcus

JohnDon
    $200 17
Calvin Coolidge

Andrew
    $200 12
off the beaten path

Andrew
    $200 23
(John: Who is Judas?)
(Don: Who is Herod?)

Pontius Pilate

JohnDonAndrew
    $200 2
Minnesota

Andrew
    $200 27
Gruff

Don
    $300 8
the Southern Cross

Triple Stumper
    $300 18
Jelly Roll Morton

Andrew
    $300 13
last, but not least

Andrew
    $300 24
Jacob

John
    $300 3
Federalist

Andrew
    $300 28
Uncle Remus (Joel Chandler Harris)

Andrew
    $400 9
a seismograph

Don
    $400 19
an automobile (Model T)

Don
    $400 14
keep your fingers crossed

Triple Stumper
    $400 25
(Alex: Minute to go in the round.)

the Burning Bush

John
    $400 4
Dick Cheney

Andrew
    $400 29
a chocolate factory

Don
    $500 10
St. Elmo's fire

Andrew
    $500 20
getting better and better

Triple Stumper
    $500 15
pull a rabbit out of a hat

Don
    $500 26
Solomon

John
    $500 5
Jay Rockefeller

Andrew
    $500 30
(Alex: Why are we all looking at Andrew on that one?!)

lawyer

Triple Stumper

Scores at the first commercial break (after clue 16):

John Don Andrew
$500 $700 $2,500

Scores at the end of the Jeopardy! Round:

John Don Andrew
$1,500 $1,500 $3,700

Double Jeopardy! Round responses

HISTORIC QUOTES
ACTORS & THEIR ROLES
WORLD CITIES
MAGAZINES
COMPOSERS
THE ENVIRONMENT
    $200 8
Nikita Khrushchev

Don
    $200 19
Big

John
    $200 1
Rome

John
    $200 13
TV Guide

Andrew
    $200 4
(John: Who is Brecht?)

Kurt Weill

JohnAndrew
    $200 21
acid rain

Don
    $400 9
Democracy

John
    $400 20
Hamlet

Don
    $400 2
Darwin

Andrew
    $400 14
(John: What is Hasty Pudding?)

the Harvard Lampoon

JohnDon
    $400 7
Richard Rodgers

John
    $400 22
Greenpeace

Andrew
    $600 10
Frederick the Great

John
    $700 23
Howard Keel

Andrew
    $600 3
Quebec City

Don
    $600 16
Omni

John
    $600 15
Prince Igor

John
    $600 26
a catalytic converter

John
    $700 11
Benjamin Franklin

John
    $800 24
Jose Ferrer

Andrew
    $800 5
Charlotte Amalie

John
    $800 17
The Atlantic Monthly

John
    $800 29
Jacques Offenbach

Triple Stumper
    $800 27
Love Canal

Andrew
    $1000 12
Adam Smith

Andrew
    $1000 25
(Andrew: Who is Cary Grant?)
...
(Alex: A minute to go, Andrew, as you make the next selection.)

Leslie Howard

Andrew
Triple Stumper
    $1000 6
Vladivostok

Don
    $1000 18
U.S./National Chamber of Commerce

Andrew
    $1000 30
[NOTE: Due to a technical lapse at the archivist's local station when he taped the show, the Final Jeopardy! Round (category: AUTHORS) was unavailable. Andrew won this game with a total of $4,799.]

Sigmund Romberg

Don
    $1000 28
(John: What are carbonfluorocarbons?)
(Don: What are chlorinated fluorocarbons?)

chlorofluorocarbons

JohnDon
Triple Stumper

Scores at the end of the Double Jeopardy! Round:

John Don Andrew
$5,800 $4,300 $8,200

[wagering suggestions for these scores]

Final Jeopardy! Round responses

AUTHORS
[NOTE: The actual responses of all three players, as well as Don and John's wagers, are unknown.]
DonWho
$1,501
JohnWho
$5,800
AndrewWho
$3,401
Jonathan Swift

Final scores:

John Don Andrew
$0 $2,799 $4,799
3rd place: Oneida Silversmiths gift certificate 2nd place: a Magnavox VHS camcorder + sets of tailored clothes New champion: $4,799

Game dynamics:

Coryat scores:

John Don Andrew
$5,900 $4,300 $8,100
18 R
(including 2 DDs),
4 W
12 R,
3 W
23 R
(including 1 DD),
1 W

Combined Coryat: $18,300

[game clues] [game scores] [suggest correction]

Game tape date: 1989-11-06
The J! Archive is created by fans, for fans. Scraping, republication, monetization, and malicious use prohibited; this site may use cookies and collect identifying information. See terms. The Jeopardy! game show and all elements thereof, including but not limited to copyright and trademark thereto, are the property of Jeopardy Productions, Inc. and are protected under law. This website is not affiliated with, sponsored by, or operated by Jeopardy Productions, Inc. Join the discussion at JBoard.tv.